00434nam a2200133 a 450000500170000000800410001705000200005810000160007824500270009426000250012150000170014699900190016395201180018220140513081056.0070202s19uu xx 00 eng d aVCDbCa357 2004 aMyers, Mike aCat in the hat (The)/. bMagnavission,c2004. awith 2 discs c116503d116503 001040aELbELcAVd2007-02-02eLib. Fundg100.00l0oVCD Ca357 2004pE588r2014-05-13 00:00:00w2014-05-13yAVM